Titres de chansons de Tryo - Clic quiz - Statistiques

Statistiques générales
  • Ce quiz a été pris 212 fois
  • Le résultat moyen est 14 sur 21
Statistiques - réponses
Hint Réponse % Correct
Désolé pour ... soir hier
98%
L'hymne de ... nos campagnes
94%
J'ai rien prévu pour ... demain
89%
Comme ... sont longues les journées
86%
Un homme qui aime ... les femmes
85%
La ... verte main
84%
J'ai trouvé des ... amis
83%
... et moi toi
83%
El duche de ... leche
75%
L'air du ... plastique
75%
La ... d'en face misère
61%
Con par ... raison
61%
La première ... fois
58%
... Bibendum monsieur
58%
La ... révolution
55%
Pas ... pareil
54%
Pour un flirt avec la ... crise
48%
Mam'zelle ... bulle
46%
C'est du ... roots
39%
Salut ... ô
23%
Le petit ... chose
20%
Aucun quiz correspondant
Distribution des résultats
% des personnes avec chaque résultat
Percentile par nombre de réponses
Votre historique - résultats
Vous n’avez pas pris ce quiz